000 00306nam a22001337a 4500
008 190205b xxu||||| |||| 00| 0 eng d
020 _a0875813445
041 _aeng
080 _a316
100 _a50
101 _aSOC
245 _aThe Renascence of Sociological Theory
_cEtzkowitz, H
942 _2udc
_cBK
999 _c53972
_d53972